Zelda Tears of the Kingdom Enemies and Bosses - Statistics

General Stats
  • This quiz has been taken 229 times
  • The average score is 57 of 112
Answer Stats
Answer % Correct
Bokoblin
93%
Moblin
83%
Black Bokoblin
81%
Blue Bokoblin
81%
Silver Bokoblin
77%
Blue Moblin
75%
Lynel
74%
Silver Moblin
74%
Black Moblin
73%
Demon King Ganondorf
73%
Hinox
73%
Lizalfos
73%
Keese
71%
Chuchu
68%
Black Hinox
67%
Blue-Maned Lynel
67%
Stone Talus
67%
Blue Hinox
66%
Queen Gibdo
66%
Blue Lizalfos
65%
Colgera
65%
Black Lizalfos
64%
Boss Bokoblin
63%
Fire Chuchu
63%
Electric Keese
63%
Fire Keese
63%
Gibdo
63%
Ice Chuchu
63%
Ice Keese
63%
Silver Lynel
63%
Frox
62%
Silver Lizalfos
62%
Stalnox
61%
Electric Chuchu
60%
Ice-Breath Lizalfos
60%
Electric Lizalfos
59%
Fire-Breath Lizalfos
59%
Mucktorok
59%
Phantom Ganon
59%
Blue Boss Bokoblin
58%
Stalkoblin
58%
Stalmoblin
58%
Marbled Gohma
57%
White-Maned Lynel
57%
Black Boss Bokoblin
56%
Demon Dragon
55%
Frost Talus
55%
Like Like
55%
Flame Gleeok
53%
Frost Gleeok
53%
Molduga
53%
Silver Boss Bokoblin
53%
Gloom Spawn
52%
King Gleeok
52%
Thunder Gleeok
52%
Horriblin
51%
Igneo Talus
51%
Stalizalfos
50%
Blue Horriblin
49%
Stone Talus (Luminous)
49%
Stone Talus (Rare)
49%
Black Horriblin
48%
Fire Like
48%
Shock Like
48%
Silver Horriblin
48%
Ice Like
47%
Flux Construct I
46%
Flux Construct II
46%
Flux Construct III
46%
Soldier Construct I
46%
Soldier Construct II
45%
Soldier Construct III
44%
Master Kohga
43%
Obsidian Frox
43%
Soldier Construct IV
43%
Battle Talus
42%
Aerocuda
41%
Captain Construct I
41%
Captain Construct II
40%
Sludge Like
40%
Stone Pebblit
40%
Yiga Footsoldier
40%
Captain Construct III
39%
Blue-White Frox
38%
Captain Construct IV
38%
Rock Octorok
38%
Yiga Blademaster
38%
Electric Wizzrobe
37%
Fire Wizzrobe
37%
Frost Pebblit
37%
Igneo Pebblit
37%
Seized Construct
37%
Water Octorok
37%
Ice Wizzrobe
36%
Naydra
36%
Farosh
34%
Moragia
34%
Moth Gibdo
34%
Dinraal
33%
Light Dragon
33%
Evermean
30%
Forest Octorok
30%
Little Frox
29%
Treasure Octorok
29%
Yunobo
29%
Blizzrobe
28%
Rock Like
28%
Meteo Wizzrobe
27%
Snow Octorok
24%
Thunder Wizzrobe
24%
Training Construct
22%
Demon King Ganondorf (2nd Form)
17%
No matching quizzes found
Score Distribution
Percent of People with Each Score
Percentile by Number Answered
Your Score History
You have not taken this quiz